Normal view
MARC view
Entry Topical Term
001 - CONTROL NUMBER
- control field: 1190
003 - CONTROL NUMBER IDENTIFIER
- control field: OSt
005 - DATE AND TIME OF LATEST TRANSACTION
- control field: 20211105132215.0
008 - FIXED-LENGTH DATA ELEMENTS
- fixed length control field: 211105|| aca||aabn | a|a d
040 ## - CATALOGING SOURCE
- Original cataloging agency: OSt
- Transcribing agency: OSt
150 ## - HEADING--TOPICAL TERM
- Topical term or geographic name entry element: Orion nebulae
670 ## - SOURCE DATA FOUND
- Source citation: Work cat.: (OSt): Holden, Edward S. 1188, Monograph of the central parts of the nebula of orion, 1882